[Event "Ho Chi Minh City HD Bank op 9th"]
[Site "Ho Chi Minh City"]
[Date "2019.03.10"]
[Round "5"]
[White "Demchenko, Anton"]
[Black "Nguyen, Anh Dung"]
[Result "1/2-1/2"]
[WhiteElo "2678"]
[BlackElo "2458"]
[PlyCount "173"]
[EventDate "2019.03.07"]
[EventType "swiss"]
[EventRounds "9"]
[EventCountry "VIE"]
[SourceTitle "CBM 189 Extra"]
[Source "ChessBase"]
[SourceDate "2019.06.03"]
[SourceVersion "1"]
[SourceVersionDate "2019.06.03"]
[SourceQuality "1"]

1. e4 c6 2. Nc3 d5 3. Nf3 Bg4 4. h3 Bxf3 5. Qxf3 e6 6. Qg3 dxe4 7. Nxe4 Nh6 8. Qb3 Qc7 9. d4 Nf5 10. c3 Nd7 11. g3 0-0-0 12. Bg2 h6 13. Bf4 Qa5 14. 0-0 g5 15. Bd2 Be7 16. Qc2 Nb6 17. a4 Nc4 18. b4 Qc7 19. Bc1 Nfd6 20. Nc5 Nf5 21. Qe2 Nb6 22. Ne4 Nd5 23. b5 c5 24. dxc5 Bxc5 25. Nxc5 Qxc5 26. Ba3 Qc7 27. Rfc1 Rhg8 28. Qe4 Nf6 29. Qe1 g4 30. a5 gxh3 31. b6 axb6 32. axb6 Qc4 33. Bxh3 Nxg3 34. fxg3 Rd3 35. Bg2 Rdxg3 36. Rc2 Qc6 37. Raa2 Nd5 38. Kh1 Rxg2 39. Rxg2 Nf4 40. Qf1 Rg4 41. Be7 Rxg2 42. Rxg2 Nxg2 43. Qxg2 Qxb6 44. Qd2 Qc6+ 45. Kg1 b6 46. Bh4 h5 47. Bf2 Kb7 48. Qe3 f6 49. Kh2 e5 50. Be1 Qd5 51. Bf2 Qc6 52. Bh4 Ka7 53. Bg3 Kb7 54. Qd3 Ka7 55. Kg1 Qa4 56. Bf2 Qc6 57. c4 Kb7 58. Qb3 Kc7 59. Qb4 Qe6 60. Kh2 f5 61. Qa4 Kb7 62. Qb5 Kc7 63. Qa6 Qc6 64. Qa7+ Kc8 65. Qf7 f4 66. Qf5+ Kb7 67. Qxe5 Qxc4 68. Qxh5 Ka6 69. Qh6 Qc7 70. Qe6 Kb7 71. Qe4+ Qc6 72. Qd4 Qh6+ 73. Kg2 Qc6+ 74. Kh3 f3 75. Kg3 Ka6 76. Qg7 Qd6+ 77. Kxf3 Qd5+ 78. Kg3 Qd6+ 79. Kg2 Qd5+ 80. Kh2 Qd6+ 81. Bg3 Qc6 82. Qh7 Qe6 83. Qc7 Qe2+ 84. Kg1 Qd1+ 85. Kf2 Qd2+ 86. Kf1 Qd3+ 87. Ke1 1/2-1/2

[Event "Lim Kok Ann Memorial"]
[Site "Singapore"]
[Date "2018.06.09"]
[Round "4"]
[White "Tin, Jingyao"]
[Black "Nguyen, Anh Dung"]
[Result "1-0"]
[WhiteElo "2445"]
[BlackElo "2465"]
[PlyCount "83"]
[EventDate "2018.06.07"]
[EventType "tourn"]
[EventRounds "9"]
[EventCountry "SIN"]
[EventCategory "8"]
[SourceTitle "CBM 184 Extra"]
[Source "ChessBase"]
[SourceDate "2018.06.28"]
[SourceVersion "1"]
[SourceVersionDate "2018.06.28"]
[SourceQuality "1"]

1. d4 d5 2. Nf3 Nf6 3. c4 c6 4. e3 Bf5 5. Nc3 e6 6. Nh4 Bg6 7. Nxg6 hxg6 8. Bd2 Nbd7 9. Qc2 Bd6 10. 0-0-0 a6 11. Kb1 b5 12. c5 Bc7 13. Bd3 Ng4 14. Bc1 f5 15. f3 Ngf6 16. e4 Kf7 17. e5 Ng8 18. g4 Qh4 19. Bf4 Nf8 20. Bg3 Qh6 21. Ne2 Bd8 22. h4 g5 23. gxf5 exf5 24. Bxf5 gxh4 25. f4 Qh5 26. Bd3 Nh6 27. f5 Ng4 28. Qd2 Ra7 29. Rdg1 Ke8 30. Nf4 Qg5 31. Bh2 Nxh2 32. Rxg5 Nf3 33. Qg2 Nxg5 34. Qg4 Rf7 35. Rxh4 Rxh4 36. Qxh4 Nge6 37. Qf2 Nxf4 38. Qxf4 Ne6 39. Qg4 Ng5 40. e6 Rc7 41. Qh5+ Kf8 42. Qh8+ 1-0

[Event "Lim Kok Ann Memorial"]
[Site "Singapore"]
[Date "2018.06.08"]
[Round "3"]
[White "Nguyen, Anh Dung"]
[Black "Gong, Qianyun"]
[Result "1/2-1/2"]
[WhiteElo "2465"]
[BlackElo "2300"]
[PlyCount "56"]
[EventDate "2018.06.07"]
[EventType "tourn"]
[EventRounds "9"]
[EventCountry "SIN"]
[EventCategory "8"]
[SourceTitle "CBM 184 Extra"]
[Source "ChessBase"]
[SourceDate "2018.06.28"]
[SourceVersion "1"]
[SourceVersionDate "2018.06.28"]
[SourceQuality "1"]

1. d4 Nf6 2. c4 e6 3. Nf3 b6 4. g3 Bb7 5. Bg2 g6 6. 0-0 Bg7 7. Nc3 Ne4 8. Bd2 0-0 9. Qc2 Nxd2 10. Qxd2 d6 11. Rfd1 Nd7 12. Rac1 Qe7 13. b4 Rad8 14. Qc2 c5 15. bxc5 bxc5 16. e3 Nb6 17. Na4 Bc6 18. Nxb6 axb6 19. Ne1 Bxg2 20. Kxg2 cxd4 21. exd4 d5 22. c5 Qc7 23. c6 Rd6 24. Nd3 Bxd4 25. Qa4 Bg7 26. Nb4 Rc8 27. Qa6 Rb8 28. Qb5 Rc8 1/2-1/2

[Event "Surakarta Japfa"]
[Site "Surakarta"]
[Date "2018.04.30"]
[Round "9"]
[White "Nguyen, Anh Dung"]
[Black "Aulia, Medina Warda"]
[Result "1-0"]
[WhiteElo "2468"]
[BlackElo "2380"]
[PlyCount "99"]
[EventDate "2018.04.25"]
[EventType "tourn"]
[EventRounds "11"]
[EventCountry "INA"]
[EventCategory "10"]
[SourceTitle "CBM 184 Extra"]
[Source "ChessBase"]
[SourceDate "2018.06.28"]
[SourceVersion "1"]
[SourceVersionDate "2018.06.28"]
[SourceQuality "1"]

1. d4 d5 2. c4 e6 3. Nc3 Nf6 4. Bg5 Be7 5. e3 0-0 6. Nf3 a6 7. cxd5 exd5 8. Bd3 c6 9. Qc2 h6 10. Bf4 Nbd7 11. h3 Re8 12. 0-0-0 c5 13. dxc5 Nxc5 14. Kb1 b5 15. Be5 Bb7 16. Bf5 Qa5 17. Bxf6 Bxf6 18. Nxd5 Bxd5 19. Rxd5 Na4 20. Nd4 Qb4 21. a3 Qf8 22. Qc6 Red8 23. Rc1 Rxd5 24. Qxd5 Nb6 25. Qb7 Nc4 26. Bd3 Rb8 27. Qxa6 Ra8 28. Qb7 Rb8 29. Qd5 Ne5 30. Bxb5 Qe7 31. Rc2 Rd8 32. Qe4 Qd6 33. f4 Nd7 34. Rc6 Qb8 35. Bc4 Nf8 36. Rxf6 gxf6 37. Qe7 Rd7 38. Bxf7+ Kh7 39. Qxf6 Qd6 40. Qf5+ Kh8 41. Bc4 Qg6 42. Qxg6 Nxg6 43. Kc2 Nxf4 44. exf4 Rxd4 45. Kc3 Rxf4 46. a4 Kg7 47. a5 Rf8 48. a6 Kf6 49. Bd5 Ke5 50. Bb7 1-0

[Event "Surakarta Japfa"]
[Site "Surakarta"]
[Date "2018.04.29"]
[Round "7"]
[White "Nguyen, Anh Dung"]
[Black "Ma, Qun"]
[Result "0-1"]
[WhiteElo "2468"]
[BlackElo "2645"]
[PlyCount "80"]
[EventDate "2018.04.25"]
[EventType "tourn"]
[EventRounds "11"]
[EventCountry "INA"]
[EventCategory "10"]
[SourceTitle "CBM 184 Extra"]
[Source "ChessBase"]
[SourceDate "2018.06.28"]
[SourceVersion "1"]
[SourceVersionDate "2018.06.28"]
[SourceQuality "1"]

1. d4 d5 2. c4 e6 3. Nc3 c6 4. e3 Nf6 5. Nf3 Nbd7 6. Bd3 dxc4 7. Bxc4 b5 8. Bd3 Bb7 9. 0-0 a6 10. e4 c5 11. d5 Qc7 12. Re1 c4 13. Bf1 Bd6 14. h3 0-0 15. Bg5 Bc5 16. Qd2 b4 17. Na4 exd5 18. Nxc5 Qxc5 19. exd5 Nxd5 20. Rac1 N7b6 21. Nd4 Rfe8 22. Nf5 a5 23. Bh4 f6 24. Bg3 c3 25. bxc3 bxc3 26. Rxe8+ Rxe8 27. Qd1 Bc8 28. Nd6 Re6 29. Nb5 Bd7 30. Nd4 Re8 31. Bd3 g6 32. Nb3 Qb4 33. Bc2 Kg7 34. Rb1 Qa3 35. Nd4 a4 36. Bc7 Qc5 37. Bg3 Qc4 38. Bd6 Rd8 39. a3 Bxh3 40. Rxb6 Nxb6 0-1

[Event "Surakarta Japfa"]
[Site "Surakarta"]
[Date "2018.04.26"]
[Round "2"]
[White "Nguyen, Anh Dung"]
[Black "Priasmoro, Novendra"]
[Result "1/2-1/2"]
[WhiteElo "2468"]
[BlackElo "2449"]
[PlyCount "96"]
[EventDate "2018.04.25"]
[EventType "tourn"]
[EventRounds "11"]
[EventCountry "INA"]
[EventCategory "10"]
[SourceTitle "CBM 184 Extra"]
[Source "ChessBase"]
[SourceDate "2018.06.28"]
[SourceVersion "1"]
[SourceVersionDate "2018.06.28"]
[SourceQuality "1"]

1. d4 Nf6 2. c4 g6 3. Nf3 Bg7 4. g3 0-0 5. Bg2 d6 6. 0-0 Nc6 7. Nc3 Bd7 8. h3 e5 9. Be3 Qc8 10. Kh2 h5 11. dxe5 dxe5 12. Nd5 Re8 13. Rc1 Bf5 14. Qb3 Nd7 15. Rfd1 a5 16. a4 Nd8 17. Ng5 Ne6 18. Nxe6 Bxe6 19. Rd2 Kh7 20. Rcd1 Rb8 21. Qc2 b6 22. Nc3 Nc5 23. Bxc5 bxc5 24. Ne4 Bf5 25. Ng5+ Kg8 26. e4 Be6 27. Nxe6 Qxe6 28. b3 Rb4 29. Rd8 Rxd8 30. Rxd8+ Kh7 31. h4 Qe7 32. Rd3 Rb6 33. Qd2 Rd6 34. Rxd6 Qxd6 35. Qxa5 Bh6 36. Qc3 Bd2 37. Qc2 Qd4 38. Kg1 Kg7 39. Bf3 Bb4 40. Kg2 Qd2 41. Qxd2 Bxd2 42. Kf1 Kh6 43. Ke2 Bb4 44. Bg2 g5 45. Bh3 gxh4 46. gxh4 f6 47. Bd7 Ba5 48. Be8 Bb4 1/2-1/2

[Event "Hanoi HD Bank op-A 8th"]
[Site "Hanoi"]
[Date "2018.03.10"]
[Round "2"]
[White "Swati, Ghate"]
[Black "Nguyen, Anh Dung"]
[Result "0-1"]
[WhiteElo "2249"]
[BlackElo "2491"]
[PlyCount "66"]
[EventDate "2018.03.10"]
[EventType "swiss"]
[EventRounds "9"]
[EventCountry "VIE"]
[SourceTitle "CBM 183 Extra"]
[Source "ChessBase"]
[SourceDate "2018.04.19"]
[SourceVersion "1"]
[SourceVersionDate "2018.04.19"]
[SourceQuality "1"]

1. e4 c5 2. Nf3 e6 3. d4 cxd4 4. Nxd4 a6 5. Be2 Nf6 6. Nc3 Qc7 7. 0-0 d6 8. f4 b5 9. e5 dxe5 10. fxe5 Nfd7 11. Bf3 Bb7 12. Bf4 Nc6 13. Nxc6 Bxc6 14. Ne4 Be7 15. Kh1 Bxe4 16. Bxe4 Rd8 17. Qg4 g6 18. Rae1 0-0 19. Bd3 Rfe8 20. Re3 Nc5 21. Bh6 Rd5 22. Ref3 Bf8 23. Bf4 Bg7 24. Qh4 Re7 25. Rh3 h5 26. Be2 Bxe5 27. Bxh5 Bxf4 28. Bf3 Be5 29. Bxd5 exd5 30. Qh7+ Kf8 31. Qxg6 Re6 32. Qg4 Bf6 33. c3 Ne4 0-1

[Event "Jakarta Japfa"]
[Site "Jakarta"]
[Date "2015.04.19"]
[Round "7"]
[White "Cuhendi, Sean Winshand"]
[Black "Nguyen, Anh Dung"]
[Result "1/2-1/2"]
[WhiteElo "2428"]
[BlackElo "2461"]
[PlyCount "60"]
[EventDate "2015.04.15"]
[EventType "tourn"]
[EventRounds "11"]
[EventCountry "INA"]
[EventCategory "9"]
[SourceTitle "CBM 166 Extra"]
[Source "ChessBase"]
[SourceDate "2015.06.18"]
[SourceVersion "1"]
[SourceVersionDate "2015.06.18"]
[SourceQuality "1"]

1. e4 e5 2. Nf3 Nf6 3. Nxe5 d6 4. Nf3 Nxe4 5. Nc3 Nxc3 6. dxc3 Be7 7. Be3 0-0 8. Qd2 Nd7 9. 0-0-0 Ne5 10. Be2 Ng4 11. Kb1 Nxe3 12. Qxe3 Bf6 13. Bd3 Re8 14. Qf4 g6 15. h4 Bd7 16. Ng5 h6 17. Bc4 hxg5 18. hxg5 Bf5 19. gxf6 Qxf6 20. Qh2 Qh8 21. Rd4 Re4 22. Rxe4 Bxe4 23. Qf4 d5 24. Bd3 Bxg2 25. Rg1 Re8 26. Qxc7 Qe5 27. Qxe5 Rxe5 28. Kc1 Be4 29. Kd2 Kg7 30. c4 Bxd3 1/2-1/2

[Event "Jakarta Japfa"]
[Site "Jakarta"]
[Date "2015.04.19"]
[Round "6"]
[White "Nguyen, Anh Dung"]
[Black "Tiviakov, Sergei"]
[Result "1/2-1/2"]
[WhiteElo "2461"]
[BlackElo "2662"]
[PlyCount "142"]
[EventDate "2015.04.15"]
[EventType "tourn"]
[EventRounds "11"]
[EventCountry "INA"]
[EventCategory "9"]
[SourceTitle "CBM 166 Extra"]
[Source "ChessBase"]
[SourceDate "2015.06.18"]
[SourceVersion "1"]
[SourceVersionDate "2015.06.18"]
[SourceQuality "1"]

1. d4 Nf6 2. c4 e6 3. Nf3 b6 4. g3 Bb7 5. Bg2 Be7 6. 0-0 0-0 7. Nc3 Na6 8. a3 Ne4 9. Bd2 f5 10. d5 Bf6 11. Rc1 c5 12. dxc6 Bxc6 13. b4 Bb7 14. Qb3 Nb8 15. Rfd1 Nc6 16. Be1 Qe7 17. Rd3 Rad8 18. Re3 Nb8 19. Rd1 Qf7 20. Red3 Rc8 21. Nd4 Nxc3 22. Bxc3 Be4 23. Re3 Bxg2 24. Kxg2 a6 25. Nf3 f4 26. Re4 fxg3 27. hxg3 d5 28. Rf4 dxc4 29. Rxc4 e5 30. Nd2 Rcd8 31. Qc2 b5 32. Re4 Nc6 33. Nf3 Nd4 34. Bxd4 exd4 35. Qc6 Qc4 36. Qxc4+ bxc4 37. Nxd4 Rd5 38. e3 Rc8 39. Rc1 Bxd4 40. Rxd4 Rxd4 41. exd4 Kf7 42. Kf3 Ke6 43. Ke4 Kd6 44. d5 c3 45. Kd3 Rf8 46. f4 a5 47. Rxc3 axb4 48. axb4 Kxd5 49. Rc7 Rg8 50. b5 Kd6 51. Rc6+ Kd5 52. Rc7 Kd6 53. b6 Rb8 54. Rxg7 Rxb6 55. Ke4 Rb3 56. Kf5 h5 57. Rg5 Ke7 58. Kg6 h4 59. g4 Rf3 60. f5 Rf4 61. Kh5 h3 62. Rg7+ Kf6 63. Rg6+ Kf7 64. Kg5 h2 65. Rh6 Rf2 66. f6 Rg2 67. Rh7+ Kg8 68. Rh3 Kf7 69. Rh4 Rf2 70. Rh7+ Kg8 71. Rh3 Kf7 1/2-1/2